[Event "Titled Tue 10th Jun Early"]
[Site "chess.com INT"]
[Date "2025.06.10"]
[Round "9"]
[White "Toropov, Pavel"]
[Black "Cordoba Roa, Angel Gabriel"]
[Result "0-1"]
[WhiteTitle "FM"]
[BlackTitle "FM"]
[WhiteElo "2308"]
[BlackElo "2396"]
[WhiteFideId "24129178"]
[BlackFideId "3957624"]
[EventDate "2025.06.10"]

1. e4 e5 2. Nf3 Nc6 3. d4 exd4 4. Nxd4 Nf6 5. Nc3 Bb4 6. Nxc6 bxc6 7. Bd3 d5 8.
exd5 O-O 9. O-O Bg4 10. f3 Bh5 11. dxc6 Qd4+ 12. Kh1 Bxc3 13. bxc3 Qxc3 14. Rb1
Rad8 15. Qe1 Qxc6 16. Qa5 Bg6 17. Ba3 Bxd3 18. cxd3 Rfe8 19. Rfc1 Qe6 20. Qxc7
Rc8 21. Qxa7 Qxa2 22. h3 Ra8 23. Qc5 Qxa3 24. d4 h6 25. d5 Qxc5 26. Rxc5 Red8
27. Rd1 Rd6 28. Rc6 Rad8 29. Rxd6 Rxd6 30. Kh2 g6 31. Ra1 Kg7 32. Kg3 Rxd5 33.
Kf4 h5 34. g4 g5+ 35. Ke3 Rb5 36. gxh5 Nxh5 37. Rg1 Kh6 38. Rg4 f5 39. Rc4 Nf4 0-1

[Event "Titled Tue 10th Jun Early"]
[Site "chess.com INT"]
[Date "2025.06.10"]
[Round "9"]
[White "Sanal, Vahap"]
[Black "Martinez Ramirez, Lennis"]
[Result "1-0"]
[WhiteTitle "GM"]
[BlackTitle "IM"]
[WhiteElo "2564"]
[BlackElo "2442"]
[WhiteFideId "6300545"]
[BlackFideId "3509079"]
[EventDate "2025.06.10"]

1. e4 c6 2. d4 d5 3. e5 Bf5 4. Nd2 e6 5. Nb3 Nd7 6. Nf3 Ne7 7. Be3 Ng6 8. Be2 f6
9. exf6 Qxf6 10. Qd2 Bd6 11. O-O-O O-O 12. h4 a5 13. h5 a4 14. Na5 Ne7 15. Nxb7
Bc7 16. Bg5 Qf7 17. Ne5 Nxe5 18. dxe5 a3 19. b3 Bxe5 20. g4 Be4 21. f3 Nc8 22.
Nc5 Bxf3 23. Rhf1 Bxe2 24. Rxf7 Rxf7 25. Qxe2 Bb2+ 26. Kb1 Nd6 27. Qxe6 Nb5 28.
Bd2 Nd4 29. Qe3 Raf8 30. Nd3 Rf1 31. Nxb2 axb2 32. Rxf1 Rxf1+ 33. Kxb2 1-0

[Event "Titled Tue 10th Jun Early"]
[Site "chess.com INT"]
[Date "2025.06.10"]
[Round "9"]
[White "Nugumanov, Bakhtiyar"]
[Black "Caku, Kler"]
[Result "1-0"]
[WhiteTitle "IM"]
[BlackTitle "WFM"]
[WhiteElo "2305"]
[BlackElo "2010"]
[WhiteFideId "13701797"]
[BlackFideId "4704703"]
[EventDate "2025.06.10"]

1. e4 e5 2. Nf3 Nc6 3. d4 exd4 4. Bc4 Be7 5. c3 Nf6 6. e5 Ne4 7. Bd5 Nc5 8. cxd4
Ne6 9. Nc3 O-O 10. Be4 f5 11. exf6 Bxf6 12. d5 Nc5 13. dxc6 Bxc3+ 14. bxc3 Nxe4
15. Qd5+ Kh8 16. cxb7 Bxb7 17. Qxb7 Nxc3 18. Qb3 Qf6 19. Be3 Rab8 20. Qc2 Nd5
21. O-O Rb2 22. Qc5 Nxe3 23. fxe3 d6 24. Qxc7 Qg6 25. Nh4 Rxf1+ 26. Rxf1 Qe8 27.
Qxd6 Rb8 28. Nf5 1-0

[Event "Titled Tue 10th Jun Early"]
[Site "chess.com INT"]
[Date "2025.06.10"]
[Round "9"]
[White "Asish Panda"]
[Black "Jimenez Salas, Maria Teresa"]
[Result "1-0"]
[BlackTitle "WIM"]
[WhiteElo "1911"]
[BlackElo "2170"]
[WhiteFideId "45012458"]
[BlackFideId "3843866"]
[EventDate "2025.06.10"]

1. e4 c5 2. Nf3 Nc6 3. Bb5 e6 4. O-O Nge7 5. c3 a6 6. Ba4 b5 7. Bc2 d5 8. exd5
Nxd5 9. d4 cxd4 10. Nxd4 Nxd4 11. Qxd4 Qf6 12. Qd1 Bc5 13. Nd2 Qe7 14. Ne4 Bb6
15. Re1 O-O 16. Qh5 g6 17. Qh6 f5 18. Ng5 Nf6 19. Bb3 Ng4 20. Qh3 Nxf2 21. Qf3
Nh3+ 22. Kh1 Nf2+ 23. Kg1 Bb7 24. Rxe6 Qc5 25. Rxb6+ Kh8 26. Qxf2 1-0

[Event "Titled Tue 10th Jun Early"]
[Site "chess.com INT"]
[Date "2025.06.10"]
[Round "9"]
[White "Murthy, Pappu"]
[Black "Berikkyzy Alanna"]
[Result "0-1"]
[BlackTitle "WFM"]
[WhiteElo "1838"]
[BlackElo "2080"]
[WhiteFideId "2013401"]
[BlackFideId "13780719"]
[EventDate "2025.06.10"]

1. e4 c5 2. d4 cxd4 3. c3 dxc3 4. Nxc3 Nc6 5. Nf3 e6 6. Bb5 Bb4 7. a3 Bxc3+ 8.
bxc3 Nge7 9. a4 O-O 10. h4 d5 11. e5 Qc7 12. Qe2 Ng6 13. h5 Ngxe5 14. O-O Nxf3+
15. Qxf3 h6 16. Bf4 e5 17. Be3 Be6 18. Qg3 Kh8 19. f4 exf4 20. Bxf4 Qd7 21. Rae1
Rae8 22. Be5 f6 23. Bd4 a6 24. Bd3 Nxd4 25. cxd4 Bg8 26. Rb1 Re7 27. Rb6 Qxa4
28. Qg4 Re4 29. Bxe4 Qxd4+ 30. Kh1 Qxb6 31. Bf5 Qb5 32. Rd1 Re8 33. Qg6 Qe2 34.
Rxd5 Qe1+ 35. Kh2 Qh4+ 36. Bh3 Qf4+ 37. g3 Qf2+ 38. Bg2 Re2 0-1

[Event "Titled Tue 10th Jun Early"]
[Site "chess.com INT"]
[Date "2025.06.10"]
[Round "9"]
[White "Ugarte Soto, Cesar"]
[Black "Nazin, Roman"]
[Result "0-1"]
[WhiteTitle "CM"]
[BlackTitle "CM"]
[WhiteElo "2088"]
[BlackElo "2250"]
[WhiteFideId "3601331"]
[BlackFideId "4137167"]
[EventDate "2025.06.10"]

1. d4 c5 2. e3 cxd4 3. exd4 d5 4. c3 Nc6 5. Nf3 Nf6 6. Bf4 a6 7. Nbd2 Bg4 8. Be2
e6 9. O-O Be7 10. Ne5 Bxe2 11. Qxe2 Rc8 12. Rae1 O-O 13. Bg3 Nd7 14. f4 g6 15.
Qg4 Bf6 16. h4 h5 17. Qh3 Kg7 18. Bf2 Ne7 19. g4 hxg4 20. Nxg4 Nf5 21. Nf3 Rh8
22. Kg2 Bxh4 23. Rh1 Bxf2 24. Qxh8+ Qxh8 25. Rxh8 Rxh8 26. Kxf2 Nd6 27. Ng5 Nf6
28. Ne5 Nfe4+ 29. Nxe4 Nxe4+ 30. Kg2 Rh4 31. Nd3 b6 32. Rh1 Rg4+ 33. Kf3 Rg3+
34. Ke2 Rxd3 0-1

[Event "Titled Tue 10th Jun Early"]
[Site "chess.com INT"]
[Date "2025.06.10"]
[Round "9"]
[White "Jovic, Stanoje"]
[Black "Gelman, Alexander"]
[Result "1-0"]
[WhiteTitle "FM"]
[BlackTitle "IM"]
[WhiteElo "2096"]
[BlackElo "2403"]
[WhiteFideId "905020"]
[BlackFideId "4118316"]
[EventDate "2025.06.10"]

1. c4 c5 2. g3 Nf6 3. Bg2 e6 4. Nf3 Be7 5. O-O O-O 6. Nc3 a6 7. e4 d6 8. d4 cxd4
9. Nxd4 Bd7 10. b3 Nc6 11. Bb2 Ne5 12. h3 Qc7 13. f4 Ng6 14. Kh2 Rac8 15. Rc1
Qb8 16. a4 Qc7 17. g4 h6 18. f5 Ne5 19. Nce2 d5 20. Nf4 dxe4 21. fxe6 fxe6 22.
Kh1 Rcd8 23. Qe1 Qc8 24. Ndxe6 Nf3 25. Bxf3 Bxe6 26. Bxe4 Rfe8 27. Nxe6 Qxe6 28.
Bh7+ 1-0

[Event "Titled Tue 10th Jun Early"]
[Site "chess.com INT"]
[Date "2025.06.10"]
[Round "9"]
[White "Adewumi, Tanitoluwa"]
[Black "Le, Tuan Minh"]
[Result "0-1"]
[WhiteTitle "FM"]
[BlackTitle "GM"]
[WhiteElo "2362"]
[BlackElo "2598"]
[WhiteFideId "30966396"]
[BlackFideId "12401153"]
[EventDate "2025.06.10"]

1. Nf3 d5 2. b3 Nf6 3. Bb2 Bg4 4. e3 e6 5. Be2 Bd6 6. d4 O-O 7. O-O Nbd7 8. h3
Bxf3 9. Bxf3 c6 10. c4 Qe7 11. a3 Ne4 12. Bxe4 dxe4 13. f3 exf3 14. Qxf3 e5 15.
Nc3 Rae8 16. b4 f5 17. c5 Bb8 18. d5 e4 19. Qe2 Be5 20. Rad1 Qg5 21. Qe1 Bg3 22.
Qd2 Ne5 23. d6 Nd3 24. Qe2 Be5 25. Rxd3 exd3 26. Qxd3 Qg3 27. Rf3 Qh2+ 28. Kf2
Bf6 29. a4 Bh4+ 30. Kf1 Qh1+ 0-1

[Event "Titled Tue 10th Jun Early"]
[Site "chess.com INT"]
[Date "2025.06.10"]
[Round "9"]
[White "Durarbayli, Vasif"]
[Black "Nagare Kaivalya Sandip"]
[Result "0-1"]
[WhiteTitle "GM"]
[BlackTitle "FM"]
[WhiteElo "2612"]
[BlackElo "2321"]
[WhiteFideId "13402935"]
[BlackFideId "25957929"]
[EventDate "2025.06.10"]

1. e4 e5 2. Nf3 Nc6 3. d4 exd4 4. Nxd4 Nf6 5. Nxc6 bxc6 6. e5 Qe7 7. Qe2 Nd5 8.
h4 a5 9. c4 Ba6 10. Rh3 Nb6 11. b3 O-O-O 12. Bg5 f6 13. exf6 gxf6 14. Qxe7 Bxe7
15. Bd2 Rhe8 16. Re3 Bc5 17. Rxe8 Rxe8+ 18. Be2 d5 19. Kf1 dxc4 20. Nc3 Kb7 21.
Re1 Rd8 22. Ne4 Bb4 23. Bxb4 axb4 24. Rc1 Rd5 25. bxc4 Re5 26. Nxf6 Ra5 27. Nxh7
Rxa2 28. Rb1 c5 29. h5 Nxc4 30. Bf3+ Kb6 31. Ke1 Nd2 32. Rd1 Nxf3+ 33. gxf3 Re2+ 0-1

[Event "Titled Tue 10th Jun Early"]
[Site "chess.com INT"]
[Date "2025.06.10"]
[Round "9"]
[White "Nakonechnyi, Oleksii"]
[Black "Ocampos, Ian"]
[Result "1-0"]
[WhiteTitle "CM"]
[WhiteElo "2222"]
[BlackElo "2216"]
[WhiteFideId "34173714"]
[BlackFideId "117544"]
[EventDate "2025.06.10"]

1. e4 c5 2. c3 d5 3. exd5 g6 4. Nf3 Nf6 5. d4 cxd4 6. Qxd4 Qxd5 7. Bg5 Nc6 8.
Qxd5 Nxd5 9. Bc4 Nb6 10. Bb3 Bg7 11. Nbd2 O-O 12. O-O-O a5 13. a4 h6 14. Be3 Nd7
15. Nc4 Ra6 16. Rhe1 Kh7 17. Na3 e5 18. Nb5 Ra8 19. Nd2 f5 20. Nc4 Nf6 21. f3
Be6 22. Nc7 Bxc4 23. Bxc4 Rac8 24. Nb5 Nd4 25. Bf1 Nxb5 26. Bxb5 e4 27. Bb6 Nh5
28. fxe4 fxe4 29. Rxe4 Nf4 30. Re7 Kh8 31. Rdd7 Rg8 32. Rxg7 Rxg7 33. Bd4 Ne6
34. Bxg7+ Nxg7 35. Rxb7 Rf8 36. Ra7 Rf2 37. Bc4 Nf5 38. Rxa5 Ne3 39. Bd3 Rxg2
40. Ra8+ Kg7 41. a5 Rxh2 42. a6 Nd5 43. a7 Nb6 44. Rb8 Rh1+ 45. Kc2 Ra1 46. Rxb6
Rxa7 47. Rxg6+ 1-0

[Event "Titled Tue 10th Jun Early"]
[Site "chess.com INT"]
[Date "2025.06.10"]
[Round "9"]
[White "Erigaisi, Arjun"]
[Black "Schnaider, Ilan"]
[Result "1-0"]
[WhiteTitle "GM"]
[BlackTitle "IM"]
[WhiteElo "2782"]
[BlackElo "2388"]
[WhiteFideId "35009192"]
[BlackFideId "169013"]
[EventDate "2025.06.10"]

1. Nf3 Nf6 2. c4 g6 3. b3 Bg7 4. Bb2 b6 5. Nc3 Bb7 6. e3 O-O 7. Be2 d6 8. d4
Nbd7 9. Qc2 e5 10. O-O e4 11. Nd2 Re8 12. b4 c5 13. bxc5 bxc5 14. d5 Qe7 15.
Rab1 Nb6 16. a4 a5 17. Ncxe4 Nxe4 18. Bxg7 Kxg7 19. Rxb6 Nxd2 20. Qxd2 Bc8 21.
Qb2+ Kg8 22. Bd3 h5 23. h3 h4 24. e4 Qg5 25. f4 Qg3 26. Rf3 Qe1+ 27. Kh2 Bd7 28.
Rxd6 Bxa4 29. e5 Bd1 30. e6 Bxf3 31. exf7+ Kh7 32. Bxg6+ Kh6 33. Be4+ Kh5 34.
Bxf3# 1-0

[Event "Titled Tue 10th Jun Early"]
[Site "chess.com INT"]
[Date "2025.06.10"]
[Round "9"]
[White "Santos, Antonio P"]
[Black "Beniosev, Daniel"]
[Result "0-1"]
[WhiteTitle "FM"]
[BlackTitle "CM"]
[WhiteElo "2165"]
[BlackElo "1959"]
[WhiteFideId "1900161"]
[BlackFideId "11632674"]
[EventDate "2025.06.10"]

1. d4 Nf6 2. c4 e6 3. g3 c5 4. Nf3 Nc6 5. Bg2 cxd4 6. Nxd4 a6 7. O-O Qc7 8. b3
Be7 9. Bb2 O-O 10. Nc3 b6 11. Rc1 Bb7 12. Nd5 exd5 13. cxd5 Bc5 14. dxc6 dxc6
15. b4 Bxb4 16. Nxc6 Bc5 17. Bxf6 gxf6 18. Qd5 Rfe8 19. e3 Rac8 20. Qf5 Bxc6 21.
Qxf6 Qe5 22. Qxe5 Rxe5 23. Bxc6 Rxc6 24. Rfd1 Re8 25. Rd7 a5 26. a4 Kf8 27. Kg2
Re7 28. Rd8+ Kg7 29. Rc4 Rd6 30. Rg4+ Kf6 31. Rh8 Rd2 32. Rxh7 Bxe3 33. Rh6+
Bxh6 0-1

[Event "Titled Tue 10th Jun Early"]
[Site "chess.com INT"]
[Date "2025.06.10"]
[Round "9"]
[White "Moosavifar, Seyed Abolfazl"]
[Black "Arya G Mallar"]
[Result "1-0"]
[WhiteTitle "FM"]
[BlackTitle "WCM"]
[WhiteElo "2303"]
[BlackElo "2000"]
[WhiteFideId "42548195"]
[BlackFideId "25115324"]
[EventDate "2025.06.10"]

1. e4 c5 2. c4 Nc6 3. g3 e5 4. Bg2 d6 5. Ne2 Be6 6. d3 Qd7 7. O-O h5 8. f4 Bh3
9. f5 Bg4 10. h3 Bxe2 11. Qxe2 Nd4 12. Qf2 O-O-O 13. a4 Be7 14. Nc3 Nf6 15. a5
g6 16. Bg5 Rdg8 17. Bxf6 Bxf6 18. Nd5 Bd8 19. Rfb1 gxf5 20. b4 Rxg3 21. Kh2 Bh4
22. Nb6+ axb6 23. axb6 Nc6 24. Ra8+ Nb8 25. Qa2 Qc6 26. Rxb8+ Kxb8 27. Qa7+ Kc8
28. b5 Qe8 29. exf5 Rxg2+ 30. Kxg2 Rg8+ 31. Kh1 Qf8 32. Qa8+ Kd7 33. Qxb7+ Ke8
34. Ra1 Qg7 35. Qc6+ Ke7 36. Qc7+ Kf6 37. Qxd6+ Kxf5 38. Rf1+ Kg5 39. Rg1+ 1-0

[Event "Titled Tue 10th Jun Early"]
[Site "chess.com INT"]
[Date "2025.06.10"]
[Round "9"]
[White "Myagmarsuren, Evsuld"]
[Black "Zhauynbay Aldiyar"]
[Result "0-1"]
[WhiteTitle "FM"]
[BlackTitle "FM"]
[WhiteElo "2292"]
[BlackElo "2233"]
[WhiteFideId "1551639"]
[BlackFideId "13780646"]
[EventDate "2025.06.10"]

1. e4 c5 2. Nf3 e6 3. d4 cxd4 4. Nxd4 a6 5. Nc3 b5 6. g3 Bb7 7. Bg2 b4 8. Nd5
exd5 9. exd5 Qe7+ 10. Be3 Qf6 11. O-O Bd6 12. Qg4 h5 13. Qe4+ Ne7 14. h4 Qg6 15.
Qf3 Bxd5 16. Qe2 Bxg2 17. Kxg2 O-O 18. Bg5 Nbc6 19. Rfe1 Nxd4 20. Qd2 Nec6 21.
c3 bxc3 22. bxc3 Nc2 23. Rad1 Nxe1+ 24. Rxe1 Rfe8 25. Rd1 Re6 26. c4 Qe4+ 27.
Kh2 Qxc4 28. Kg1 Rae8 29. Qc2 Qxc2 0-1

[Event "Titled Tue 10th Jun Early"]
[Site "chess.com INT"]
[Date "2025.06.10"]
[Round "9"]
[White "Heimann, Alexander"]
[Black "Dubnevych, Maksym"]
[Result "1-0"]
[BlackTitle "FM"]
[WhiteElo "2238"]
[BlackElo "2296"]
[WhiteFideId "2006073"]
[BlackFideId "14184001"]
[EventDate "2025.06.10"]

1. e4 c5 2. Nf3 Nc6 3. Bb5 g6 4. Bxc6 dxc6 5. O-O Bg7 6. d3 e5 7. Be3 b6 8. Nbd2
Qc7 9. a3 Nf6 10. b4 cxb4 11. axb4 Ng4 12. Bg5 f6 13. Bh4 O-O 14. Nc4 Be6 15.
Ne3 Rad8 16. Qe1 h5 17. h3 Nh6 18. Qc3 Rd7 19. Bg3 Qb7 20. Ra3 Rfd8 21. Rfa1 Qa8
22. Nd2 Nf7 23. Ndc4 Qb8 24. Ra6 Nd6 25. Nxd6 Qxd6 26. Rxa7 Bf8 27. Nc4 Qxb4 28.
Qxb4 Bxb4 29. Rxd7 Rxd7 30. Nxb6 Rb7 31. Ra8+ Kf7 32. Na4 Be7 33. f4 Rb1+ 34.
Kf2 h4 35. Bh2 1-0

[Event "Titled Tue 10th Jun Early"]
[Site "chess.com INT"]
[Date "2025.06.10"]
[Round "9"]
[White "Reshetnikov, Alexey"]
[Black "Demchenko, Yaroslav"]
[Result "0-1"]
[WhiteTitle "IM"]
[BlackTitle "CM"]
[WhiteElo "2492"]
[BlackElo "2263"]
[WhiteFideId "4162080"]
[BlackFideId "14186667"]
[EventDate "2025.06.10"]

1. d4 e6 2. c4 d5 3. Nc3 a6 4. c5 e5 5. dxe5 d4 6. Na4 Nc6 7. e3 Bf5 8. Nf3 dxe3
9. Qxd8+ Rxd8 10. Bxe3 Nb4 11. Bc4 Nc2+ 12. Ke2 Nxa1 13. Rxa1 Ne7 14. Nd4 Be4
15. f3 Bd5 16. Bd3 Nc6 17. Nxc6 Bxc6 18. Nc3 Be7 19. g4 Bxf3+ 20. Kxf3 Rxd3 21.
Ke4 Rd7 22. Nd5 c6 23. Nb6 Rd8 24. Nc4 Rd5 25. Nd6+ Bxd6 26. exd6 Kd7 27. Bd4
Re8+ 28. Kd3 f6 29. Rf1 a5 30. b3 b6 31. cxb6 c5 0-1

[Event "Titled Tue 10th Jun Early"]
[Site "chess.com INT"]
[Date "2025.06.10"]
[Round "9"]
[White "Fomevor, Cephas Clinton"]
[Black "Fofanov, Ilia"]
[Result "0-1"]
[WhiteTitle "CM"]
[BlackTitle "CM"]
[WhiteElo "1883"]
[BlackElo "2182"]
[WhiteFideId "12601330"]
[BlackFideId "4158962"]
[EventDate "2025.06.10"]

1. d4 Nf6 2. c4 g6 3. Nc3 Bg7 4. Nf3 d6 5. Bg5 O-O 6. e3 c5 7. Be2 Nc6 8. O-O h6
9. Bh4 Bf5 10. Rc1 Qa5 11. a3 g5 12. Bg3 Ne4 13. Nxe4 Bxe4 14. d5 Bxf3 15. Bxf3
Ne5 16. Be2 Ng6 17. Qc2 a6 18. f3 b5 19. cxb5 axb5 20. Bd3 Ne5 21. Bf5 Nc4 22.
Rce1 Nxb2 23. h4 Qc3 24. Qb1 Rxa3 25. hxg5 hxg5 26. f4 Nc4 27. Qe4 Nxe3 0-1

[Event "Titled Tue 10th Jun Early"]
[Site "chess.com INT"]
[Date "2025.06.10"]
[Round "9"]
[White "Pica, Eleni"]
[Black "De Lima, Adriano Gaspar"]
[Result "0-1"]
[WhiteTitle "WCM"]
[WhiteElo "1686"]
[BlackElo "2107"]
[WhiteFideId "5910005"]
[BlackFideId "190861"]
[EventDate "2025.06.10"]

1. d4 Nf6 2. c4 g6 3. Nc3 Bg7 4. e4 d6 5. Be2 O-O 6. Bg5 Nbd7 7. Qd2 e5 8. d5
Nc5 9. f3 a5 10. g4 Qd7 11. h4 Ne8 12. Bh6 f5 13. gxf5 gxf5 14. Qg5 Kh8 15. Nh3
Qf7 16. Rg1 fxe4 17. fxe4 Bxh6 18. Qxh6 Bxh3 19. Bh5 Qf2+ 20. Kd1 Qxg1+ 21. Kc2
Qg7 22. Qe3 Nf6 23. Rg1 Bg4 24. Bxg4 Nxg4 25. Qg3 Rf4 26. Ne2 Rxe4 27. Nc3 Rxc4
28. b3 Rxc3+ 29. Kxc3 Ne4+ 30. Kc4 Nxg3 31. Rxg3 Rf8 32. Kb5 Rf4 33. a4 b6 34.
Ka6 Qd7 35. Kb7 Rf8 36. h5 Qc8+ 37. Kc6 Qe8+ 0-1

[Event "Titled Tue 10th Jun Early"]
[Site "chess.com INT"]
[Date "2025.06.10"]
[Round "9"]
[White "Bacus, Dharim"]
[Black "Raptis, Nick"]
[Result "0-1"]
[WhiteTitle "FM"]
[BlackTitle "FM"]
[WhiteElo "2131"]
[BlackElo "2220"]
[WhiteFideId "5201527"]
[BlackFideId "2016850"]
[EventDate "2025.06.10"]

1. e4 e6 2. d4 d5 3. Nd2 Nf6 4. e5 Nfd7 5. Bd3 c5 6. c3 Nc6 7. Ne2 cxd4 8. cxd4
f6 9. Nf4 Nxd4 10. Qh5+ Ke7 11. Ng6+ hxg6 12. exf6+ Kxf6 13. Qxh8 Kf7 14. O-O e5
15. Re1 Qf6 16. Nb3 Nxb3 17. axb3 Nc5 18. Re3 e4 19. Bf1 Be6 20. b4 d4 21. Re1
Nb3 22. Rxe4 Nxa1 23. Rf4 Bf5 24. Bc4+ Ke7 25. g4 Rc8 26. Qg8 b5 27. Rxf5 gxf5
28. Bg5 Qxg5 29. Qf7+ Kd6 30. Qd5+ Kc7 31. Bxb5 Qxg4+ 32. Kf1 Qe4 0-1

[Event "Titled Tue 10th Jun Early"]
[Site "chess.com INT"]
[Date "2025.06.10"]
[Round "9"]
[White "Marchesich, Giovanni"]
[Black "Navoyan, Gagik"]
[Result "0-1"]
[WhiteTitle "CM"]
[BlackTitle "CM"]
[WhiteElo "2189"]
[BlackElo "2186"]
[WhiteFideId "2824790"]
[BlackFideId "13314866"]
[EventDate "2025.06.10"]

1. d4 Nf6 2. Nc3 d5 3. Bf4 c5 4. e3 a6 5. dxc5 Nc6 6. Na4 e5 7. Bg5 Bxc5 8. Nxc5
Qa5+ 9. c3 Qxc5 10. Bxf6 gxf6 11. Nf3 Be6 12. Be2 O-O-O 13. O-O Rhg8 14. Re1 Kb8
15. Qd2 Bg4 16. b4 Qd6 17. Nh4 Qe6 18. g3 f5 19. Bxg4 Rxg4 20. Qe2 Rdg8 21. Ng2
e4 22. Nf4 Qh6 23. h3 Ne5 24. Kg2 Nf3 25. Rh1 R4g5 26. Rad1 Qg7 27. Kf1 Qxc3 28.
Nxd5 Qa3 29. b5 Rd8 30. bxa6 Qxa6 31. Qxa6 bxa6 32. Ke2 Rg6 33. Rb1+ Ka7 34.
Rhd1 Rgd6 35. Ne7 Rd2+ 36. Rxd2 Rxd2+ 37. Kf1 Rc2 38. Nxf5 Nd2+ 0-1

[Event "Titled Tue 10th Jun Early"]
[Site "chess.com INT"]
[Date "2025.06.10"]
[Round "9"]
[White "Vasquez Schroeder, Rodrigo"]
[Black "Kilic, Eray"]
[Result "1-0"]
[WhiteTitle "GM"]
[BlackTitle "IM"]
[WhiteElo "2446"]
[BlackElo "2474"]
[WhiteFideId "3400042"]
[BlackFideId "44517173"]
[EventDate "2025.06.10"]

1. e4 c5 2. Nf3 Nc6 3. d4 cxd4 4. Nxd4 g6 5. c4 Nf6 6. Nc3 Nxd4 7. Qxd4 d6 8. f3
Bg7 9. Be3 O-O 10. Qd2 a5 11. Na4 Nd7 12. Rd1 Qc7 13. b3 Nc5 14. Nc3 a4 15. Nd5
Qd8 16. b4 Nd7 17. a3 b6 18. Be2 Bb7 19. O-O Rc8 20. Rc1 e6 21. Nc3 Qc7 22. Nb5
Qb8 23. Qxd6 Bc6 24. Qxb8 Rxb8 25. Nd4 Bb7 26. Rfd1 Rfd8 27. Bg5 f6 28. Nxe6
fxg5 29. Nxd8 Rxd8 30. c5 bxc5 31. Bb5 Bd4+ 32. Kf1 Ne5 33. Rxc5 Rd6 34. Rxd4
Rxd4 35. Rxe5 g4 36. Re7 gxf3 37. gxf3 Rd1+ 38. Ke2 Ra1 39. Rxb7 Rxa3 40. Bc4+
Kf8 41. e5 Rc3 42. Bd5 a3 43. Ra7 h5 44. e6 g5 45. Be4 Rc7 46. Rxc7 1-0

[Event "Titled Tue 10th Jun Early"]
[Site "chess.com INT"]
[Date "2025.06.10"]
[Round "9"]
[White "Turzo, Attila"]
[Black "Souleidis, Georgios"]
[Result "1-0"]
[WhiteTitle "IM"]
[BlackTitle "IM"]
[WhiteElo "2245"]
[BlackElo "2418"]
[WhiteFideId "704954"]
[BlackFideId "4206827"]
[EventDate "2025.06.10"]

1. e4 c5 2. Nc3 e6 3. f4 a6 4. g3 Nc6 5. Bg2 b5 6. Nh3 b4 7. Ne2 d5 8. f5 Nf6 9.
fxe6 fxe6 10. exd5 exd5 11. O-O Be7 12. d4 O-O 13. Nhf4 Re8 14. Kh1 Ra7 15. dxc5
Bxc5 16. Nxd5 Bg4 17. Nxf6+ gxf6 18. Qxd8 Nxd8 19. Nf4 Bd4 20. a3 bxa3 21. Rxa3
Kg7 22. h3 Bc8 23. c3 Bc5 24. Nh5+ Kg6 25. Nf4+ Kf7 26. b4 Bd6 27. Ra5 Re5 28.
Rxe5 Bxe5 29. c4 Ne6 30. Bd5 Ke7 31. Be3 Rc7 32. Bb6 Rd7 33. Bxe6 Rb7 34. Bc5+
Bd6 35. Bxc8 1-0

[Event "Titled Tue 10th Jun Early"]
[Site "chess.com INT"]
[Date "2025.06.10"]
[Round "9"]
[White "Wyss, Jonas"]
[Black "Sarkar, Justin"]
[Result "1-0"]
[WhiteTitle "FM"]
[BlackTitle "IM"]
[WhiteElo "2278"]
[BlackElo "2284"]
[WhiteFideId "1311387"]
[BlackFideId "2010011"]
[EventDate "2025.06.10"]

1. e4 c5 2. Nf3 e6 3. c3 d6 4. d4 Nf6 5. Bd3 Nc6 6. O-O Be7 7. Re1 O-O 8. Nbd2
cxd4 9. cxd4 e5 10. Nb3 Bg4 11. Be3 d5 12. h3 Bxf3 13. Qxf3 exd4 14. exd5 dxe3
15. dxc6 Qxd3 16. Rxe3 Qd6 17. Rd1 Qc7 18. cxb7 Rab8 19. Na5 Bb4 20. Nc6 Rxb7
21. Rc1 Kh8 22. Rc4 Bd2 23. Re7 Rxb2 24. Rxc7 Rb1+ 25. Kh2 1-0

[Event "Titled Tue 10th Jun Early"]
[Site "chess.com INT"]
[Date "2025.06.10"]
[Round "9"]
[White "Puzyrevsky, Semyon"]
[Black "Gurevich, Dmitry"]
[Result "0-1"]
[WhiteTitle "FM"]
[BlackTitle "GM"]
[WhiteElo "2292"]
[BlackElo "2338"]
[WhiteFideId "24240931"]
[BlackFideId "2000407"]
[EventDate "2025.06.10"]

1. e4 c5 2. Nf3 d6 3. d4 cxd4 4. Nxd4 Nf6 5. Nc3 Nc6 6. f3 Nxd4 7. Qxd4 g6 8.
Be3 Bg7 9. Qd2 Be6 10. Be2 O-O 11. O-O a6 12. Rad1 Rc8 13. Bd4 Re8 14. Qe3 Qa5
15. a3 Nd7 16. Bxg7 Kxg7 17. f4 Qb6 18. Qd4+ Qxd4+ 19. Rxd4 f6 20. Rfd1 Rc6 21.
Bf3 Rc5 22. Kf2 b5 23. Ke3 Rec8 24. R1d3 Nb6 25. Kd2 Nc4+ 26. Kc1 Nxa3 27. e5
dxe5 28. fxe5 fxe5 29. Rd8 Rxd8 30. Rxd8 Nxc2 31. Ne4 Rc7 32. Ng5 Nd4+ 33. Kd2
Bg8 34. Be4 h6 35. Nf3 Nxf3+ 36. gxf3 Be6 37. Ra8 Bf5 38. Rxa6 Bxe4 39. fxe4 Rc4
40. Re6 Rxe4 41. Rxe7+ Kf6 42. Rb7 Rh4 43. Rb6+ Kf5 44. Rxb5 Rxh2+ 45. Ke3 h5
46. b4 h4 47. Rb8 Rb2 48. b5 h3 49. b6 Kg4 50. b7 g5 51. Rg8 h2 52. Rh8 Kg3 53.
Rg8 g4 54. Rh8 Rxb7 55. Ke4 Rb1 56. Kxe5 h1=Q 57. Rxh1 Rxh1 58. Kf5 Rf1+ 59. Ke6
Kh4 60. Kd6 g3 61. Kc7 g2 62. Kc6 g1=Q 63. Kb7 Qg2+ 64. Kb8 Qe2 65. Kb7 Rf3 66.
Kc7 Rd3 67. Kb7 Qc2 68. Kb8 Rb3+ 69. Ka8 Qa2# 0-1

[Event "Titled Tue 10th Jun Early"]
[Site "chess.com INT"]
[Date "2025.06.10"]
[Round "9"]
[White "Maghsoodloo, Parham"]
[Black "Sychev, Klementy"]
[Result "0-1"]
[WhiteTitle "GM"]
[BlackTitle "GM"]
[WhiteElo "2691"]
[BlackElo "2513"]
[WhiteFideId "12539929"]
[BlackFideId "4114060"]
[EventDate "2025.06.10"]

1. d4 d5 2. c4 dxc4 3. e4 b5 4. a4 c6 5. axb5 cxb5 6. b3 e5 7. bxc4 Bb4+ 8. Bd2
Qxd4 9. Ra2 Bc5 10. Qf3 Nf6 11. Nc3 Bg4 12. Qg3 Nxe4 13. Qxg4 Qxf2+ 14. Kd1
Nxc3+ 15. Bxc3 Qxf1+ 16. Kc2 O-O 17. cxb5 Bd4 18. Qe2 Qf5+ 19. Qd3 Qe6 20. Ra3
Nd7 21. Bxd4 exd4 22. Nf3 Nc5 23. Qxd4 Qg6+ 24. Kc1 Rac8 0-1